Topics in advanced econometrics

Αποθηκεύτηκε σε:
Λεπτομέρειες βιβλιογραφικής εγγραφής
Κύριος συγγραφέας: Dhrymes, Phoebus J. 1932-
Μορφή: Βιβλίο
Γλώσσα:English
Δημοσίευση: New York : Springer-Verlag, 1994
Θέματα:
Ετικέτες: Προσθήκη ετικέτας
Δεν υπάρχουν, Καταχωρήστε ετικέτα πρώτοι!

MARC

LEADER 00000nam a2200000 i 4500
001 1/41741
008 960206s1994 eng d
020 |a 0-387-94156-8 
035 |l 10025464 
040 |a GR-MY-UA  |b gre  |e aacr 
041 0 |a eng 
082 0 |a 330.015195 
100 1 |a Dhrymes, Phoebus J.  |d 1932- 
245 1 0 |a Topics in advanced econometrics /  |c Phoebus J. Dhrymes 
260 |a New York :   |b Springer-Verlag,   |c 1994 
300 |a 401 p. 
500 |a Includes bibliography and index 
505 0 |a τομ.1: Linear and nonlinear simultaneous equations 
650 0 0 |a Econometrics. 
650 0 0 |a Probabilities. 
740 0 2 |a Linear and nonlinear simultaneous equations 
852 |a INST  |b CHIOS  |e 19960206  |h 330.015195 DHR  |p 005200001527  |q 005200001527  |t BK  |y 0  |z τ.1 
852 |a INST  |b CHIOS  |e 19960206  |h 330.015195 DHR  |p 005200001527  |q 005200001527  |t BK  |v τ.1:  |y 0  |z τ.1 
853 |a INST  |b CHIOS  |h 330.015195 DHR 
909 |a Χ  |b 041083